Introduction to Microprocessors (Record no. 73)

MARC details
000 -LEADER
fixed length control field 00413nam a22001697a 4500
005 - DATE AND TIME OF LATEST TRANSACTION
control field 20180203104303.0
008 - FIXED-LENGTH DATA ELEMENTS--GENERAL INFORMATION
fixed length control field 160426b xxu||||| |||| 00| 0 eng d
020 ## - INTERNATIONAL STANDARD BOOK NUMBER
ISBN 0-07-460222-5
041 ## - LANGUAGE CODE
Language code of text/sound track or separate title eng
082 ## - DEWEY DECIMAL CLASSIFICATION NUMBER
Item number 00198
Classification number 004.165
100 ## - MAIN ENTRY--AUTHOR NAME
Personal name Mathur, Aditya P
245 ## - TITLE STATEMENT
Title Introduction to Microprocessors
250 ## - EDITION STATEMENT
Edition statement 3rd ed.
260 ## - PUBLICATION, DISTRIBUTION, ETC. (IMPRINT)
Place of publication New Delhi
Name of publisher Tata MC Graw Hill,
Year of publication 2004
300 ## - PHYSICAL DESCRIPTION
Number of Pages 612
942 ## - ADDED ENTRY ELEMENTS (KOHA)
Koha item type Books
Holdings
Lost status Damaged status Collection code Home library Current library Shelving location Date acquired Cost, normal purchase price Full call number Accession Number Koha item type
    CS/IT JRU Library JRU Library SHELF-49-A 26/04/2016 195.00 00198 00198 Books
    CS/IT JRU Library JRU Library SHELF-49-A 26/04/2016 195.00 00198 00199 Books
    CS/IT JRU Library JRU Library SHELF-49-A 26/04/2016 195.00 00198 00200 Books
    CS/IT JRU Library JRU Library SHELF-49-A 26/04/2016 195.00 00198 00201 Books
    CS/IT JRU Library JRU Library SHELF-49-A 26/04/2016 195.00 00198 00202 Books